Trade associations & professional bodies of the United Kingdom (Record no. 431845)

000 -LEADER
fixed length control field 00413cam a22001217a 4500
008 - FIXED-LENGTH DATA ELEMENTS--GENERAL INFORMATION
fixed length control field 180718b1966 xxu||||| |||| 00| 0 eng d
082 ## - DEWEY DECIMAL CLASSIFICATION NUMBER
Classification number T309x42 T675
100 ## - MAIN ENTRY--PERSONAL NAME
Personal name Millard, Patricia
245 ## - TITLE STATEMENT
Title Trade associations & professional bodies of the United Kingdom
Statement of responsibility, etc. by Patricia Millard
260 ## - PUBLICATION, DISTRIBUTION, ETC.
Place of publication, distribution, etc. Oxford
Name of publisher, distributor, etc. Pergamon
Date of publication, distribution, etc. 1966
300 ## - PHYSICAL DESCRIPTION
Extent xiv, 372p.
650 ## - SUBJECT ADDED ENTRY--TOPICAL TERM
Topical term or geographic name entry element Administration the going concern: cases in business policy
Holdings
Withdrawn status Lost status Damaged status Not for loan Permanent Location Current Location Date acquired Full call number Barcode Date last seen Price effective from Koha item type
        Indian Institute of Public Administration Indian Institute of Public Administration 2010-01-22 T309x42 T675 44387 2018-07-21 2018-07-21 Book

Powered by Koha